000 00648cam a22002053a 4500
001 40938
003 PGUSA
005 20140828083924.0
008 121005s2012||||xxu|||||s|||||000 | eng d
040 _aPGUSA
_beng
042 _adc
100 1 _aMeacham, A. B.
_q(Alfred Benjamin),
_d1826-1882
245 1 0 _aWigwam and War-path; Or the Royal Chief in Chains :
_bSecond and Revised Edition
_h[electronic resource] /
_cA. B. Meacham
260 _bProject Gutenberg,
_c2012
506 _aPublic domain in the USA.
516 _aElectronic text
830 0 _aProject Gutenberg
_v40938
856 4 0 _uhttp://www.gutenberg.org/ebooks/40938
942 _cEB
999 _c270190
_d270190